|
|
|
|
| LEADER |
00639cam a2200169 7i4500 |
| 001 |
0000134967 |
| 005 |
20080302090000.0 |
| 002 |
0000000030 |
| 090 |
0 |
0 |
|a LP 5 FSGT 1 1998
|
| 100 |
1 |
# |
|a Winston Payne
|
| 235 |
0 |
0 |
|a Struktur komuniti ikan terumbu karang di perairan Pulau Bidong
|c Collin Winston Payne.
|
| 245 |
0 |
0 |
|a Laporan Projek FSGT(Ijazah Bacelor Sains Perikanan)1998.
|
| 260 |
# |
# |
|a Terengganu:
|b Universiti Putra Malaysia Terengganu,
|c 1998.
|
| 300 |
|
|
|a xi, 57 p.:
|b ill.;
|c 30 cm..
|
| 502 |
# |
# |
|a Kajian struktur komuniti ikan terumbu karang...[et al.]
|
| 602 |
# |
# |
|a Laporan Projek FSGT 1998
|
| 999 |
|
|
|a 1100024050
|b Book
|c Koleksi Arkib
|e BILIK ARKIB
|